|
|
|
|
| LEADER |
00000nab a2200000 a 4500 |
| 001 |
vtls010062414 |
| 003 |
SK-MaSNL |
| 005 |
20260305000426.0 |
| 008 |
250507c2009 xo zr|p|||an |000 b|slo |
| 015 |
|
|
|a SNBRB2010/02
|
| 035 |
|
|
|a (uuid)ecfd8074-e713-4b79-81ca-5dc8e74094da
|
| 035 |
|
|
|a urn:nbn:sk:snk-ab9t6o
|
| 035 |
|
|
|a (urnnbn)urn:nbn:sk:snk:ar-a08ryz
|
| 038 |
|
|
|a SPK
|
| 040 |
|
|
|a SNKBUCL
|b slo
|c SNKBUCL
|e AACR2
|
| 041 |
0 |
|
|a slo
|b slo
|b eng
|
| 044 |
|
|
|a xo
|c SK
|
| 072 |
|
7 |
|a 371
|x Školstvo (organizácia)
|2 konspekt
|
| 072 |
|
7 |
|a 005
|x Manažment. Riadenie
|2 konspekt
|
| 080 |
|
|
|a 371.1
|2 2001
|
| 080 |
|
|
|a 37.011/.012
|2 2001
|
| 100 |
1 |
|
|a Horváth, Kinga
|c (pedagogička)
|4 aut
|9 19633
|
| 245 |
1 |
0 |
|a Kontrola a hodnotenie v školskom manažmente
|c Kinga Horváthová
|
| 504 |
|
|
|a Bibliogr. odkazy
|
| 546 |
|
|
|a Res. angl., slov.
|
| 650 |
0 |
7 |
|a manažment školy
|2 snkbucl
|9 67970
|
| 650 |
0 |
7 |
|a kontrolná činnosť
|2 snkbucl
|9 72456
|
| 650 |
0 |
7 |
|a pedagogická evalvácia
|2 snkbucl
|9 4127
|
| 650 |
0 |
7 |
|a hodnotenie učiteľa
|2 snkbucl
|9 71569
|
| 650 |
0 |
7 |
|a hodnotenie žiakov
|2 snkbucl
|9 3929
|
| 650 |
0 |
7 |
|a hodnotenie školy
|2 snkbucl
|9 4124
|
| 773 |
0 |
|
|t Technológia vzdelávania
|g Roč. XVII, č. 6 (2009)
|g Č. 6 (2009), s. 2-10
|x 1335-003X
|
| 773 |
0 |
|
|t Slovenský učiteľ
|g Roč. XVII, č. 6 (2009)
|g Č. 6 (2009), s. 2-10
|x 1335-003X
|
| 850 |
|
|
|a Slovenská národná knižnica
|
| 852 |
|
|
|a Slovenská národná knižnica
|
| 954 |
|
|
|a odborná, vedecká literatúra pôvodná (slovenská)
|2 lita
|
| 958 |
|
|
|a article13
|
| 958 |
|
|
|a NB
|
| 958 |
|
|
|a OND
|
| 958 |
|
|
|a EUIPO
|
| 999 |
|
|
|c 3213635
|d 3215565
|